[Event "3rd Tallinn it"]
[Site "Tallinn URS"]
[Date "1973.02.20"]
[Round "1"]
[White "Andersson, Ulf"]
[Black "Polugaevsky, Lev"]
[Result "1/2-1/2"]
[WhiteElo "2535"]
[BlackElo "2645"]
[EventDate "1973.02.19"]
[PlyCount "57"]

1.c4 Nf6 2.Nc3 e6 3.Nf3 b6 4.g3 Bb7 5.Bg2 Be7 6.O-O O-O 7.d4 Ne4 8.Bd2 d5 
9.Ne5 Nd7 10.Bf4 Nxe5 11.Bxe5 Nxc3 12.bxc3 Qd7 13.Re1 Rfd8 14.cxd5 exd5 
15.e4 dxe4 16.Bxe4 Bxe4 17.Rxe4 Bf8 18.Qb3 c5 19.Rd1 Qf5 20.Rde1 cxd4 21.
Bxd4 Rac8 22.R1e3 Qd5 23.Re5 Qc4 24.h4 f6 25.Re6 Qxb3 26.axb3 Kf7 27.Re1 
Rd5 28.R6e2 Rc7 29.Ra1 1/2-1/2

[Event "3rd Tallinn it"]
[Site "Tallinn URS"]
[Date "1973.02.20"]
[Round "1"]
[White "Spassky, Boris"]
[Black "Karner, Hillar"]
[Result "1/2-1/2"]
[WhiteElo "2660"]
[BlackElo "2410"]
[EventDate "1973.02.19"]
[PlyCount "81"]

1.e4 g6 2.d4 Bg7 3.Nc3 c6 4.g3 d5 5.e5 f6 6.f4 Nh6 7.Bg2 O-O 8.Nf3 Bg4 9.
O-O Qd7 10.Be3 Na6 11.Qd2 Nc7 12.Ne2 Rad8 13.c3 b6 14.Kh1 Bf5 15.b3 Bh3 
16.Rae1 a5 17.a4 Rb8 18.Ra1 Bg4 19.b4 Ra8 20.Neg1 Bf5 21.Qe2 Be4 22.Ra2 
Qc8 23.Nd2 Bxg2+ 24.Kxg2 Ng4 25.Ngf3 Qa6 26.Re1 Qxe2+ 27.Rxe2 axb4 28.cxb4
fxe5 29.fxe5 Na6 30.Rb2 c5 31.bxc5 bxc5 32.dxc5 Nxe3+ 33.Rxe3 Nxc5 34.Rb5 
Bh6 35.Ra3 Nxa4 36.Rxd5 Nb6 37.Rdd3 Rxa3 38.Rxa3 Nd5 39.Rd3 Ne3+ 40.Kf2 
Ng4+ 41.Ke2 1/2-1/2

[Event "3rd Tallinn it"]
[Site "Tallinn URS"]
[Date "1973.02.21"]
[Round "2"]
[White "Karner, Hillar"]
[Black "Bronstein, David"]
[Result "0-1"]
[WhiteElo "2410"]
[BlackElo "2585"]
[EventDate "1973.02.19"]
[PlyCount "88"]

1.Nf3 Nf6 2.d4 d5 3.Bf4 c5 4.e3 Nc6 5.c3 g6 6.Nbd2 Qb6 7.b3 Bg7 8.h3 Qa5 
9.Qc1 Nd7 10.a3 e5 11.b4 Qd8 12.Bg5 f6 13.Bh4 cxd4 14.cxd4 e4 15.Ng1 O-O 
16.b5 Ne7 17.Bg3 Rf7 18.Ne2 Nf8 19.Qb2 Nf5 20.Bh2 g5 21.Nb3 Ng6 22.Rc1 Re7
23.Nc3 Be6 24.Nc5 Bf7 25.Na2 Nfh4 26.Nb4 f5 27.a4 f4 28.Qa3 Bf8 29.a5 Rc7 
30.Kd2 Rac8 31.Nc6 bxc6 32.b6 axb6 33.axb6 Re7 34.Rb1 Rb8 35.Qa5 Re8 36.
Na6 Rb7 37.Be2 Bd6 38.Nc5 Rbe7 39.Bg4 Nf8 40.Qb4 h5 41.Be2 Bxc5 42.dxc5 d4
43.exf4 e3+ 44.Kc2 Qd5 0-1

[Event "3rd Tallinn it"]
[Site "Tallinn URS"]
[Date "1973.02.21"]
[Round "2"]
[White "Pfleger, Helmut"]
[Black "Nei, Iivo"]
[Result "1/2-1/2"]
[WhiteElo "2545"]
[BlackElo "2485"]
[EventDate "1973.02.19"]
[PlyCount "62"]

1.c4 Nf6 2.Nf3 e6 3.Nc3 d5 4.d4 c6 5.cxd5 exd5 6.Bg5 Be7 7.e3 Bf5 8.Bxf6 
Bxf6 9.Bd3 Bxd3 10.Qxd3 a5 11.O-O O-O 12.Rad1 Nd7 13.Rfe1 Re8 14.e4 dxe4 
15.Nxe4 Be7 16.d5 Bb4 17.dxc6 bxc6 18.Re3 Nf8 19.Qc2 Qc7 20.a3 Be7 21.Rc3 
Rac8 22.g3 Ne6 23.Rc1 c5 24.b4 axb4 25.axb4 Qb7 26.bxc5 Bxc5 27.Nd6 Qd5 
28.Nxc8 Rxc8 29.Rd1 Bxf2+ 30.Kxf2 Rxc3 31.Qxh7+ Kxh7 1/2-1/2

[Event "3rd Tallinn it"]
[Site "Tallinn URS"]
[Date "1973.02.21"]
[Round "2"]
[White "Polugaevsky, Lev"]
[Black "Spassky, Boris"]
[Result "1/2-1/2"]
[WhiteElo "2645"]
[BlackElo "2660"]
[EventDate "1973.02.19"]
[PlyCount "49"]

1.c4 e6 2.g3 d5 3.Nf3 Nf6 4.Bg2 Be7 5.O-O O-O 6.b3 c5 7.Bb2 Nc6 8.e3 Bd7 
9.Qe2 Re8 10.Rd1 Qa5 11.d3 Red8 12.Nbd2 Bc8 13.cxd5 exd5 14.d4 Ne4 15.Nxe4
dxe4 16.Ne5 cxd4 17.Nxc6 bxc6 18.Rxd4 Rxd4 19.Bxd4 c5 20.Bb2 Bf8 21.Qc2 
Qb4 22.Bc3 Qb7 23.h3 Bd7 24.Rd1 Bb5 25.Bf1 1/2-1/2

[Event "3rd Tallinn it"]
[Site "Tallinn URS"]
[Date "1973.02.22"]
[Round "3"]
[White "Popov, Luben"]
[Black "Pfleger, Helmut"]
[Result "1/2-1/2"]
[WhiteElo "2450"]
[BlackElo "2545"]
[EventDate "1973.02.19"]
[PlyCount "38"]

1.d4 Nf6 2.c4 e6 3.Nf3 d5 4.Nc3 Be7 5.Bg5 h6 6.Bh4 b6 7.e3 O-O 8.cxd5 exd5
9.Rc1 Be6 10.Bd3 c5 11.O-O Nc6 12.Bb5 Na5 13.Ne5 c4 14.Ba4 Rc8 15.Bc2 b5 
16.a3 Rb8 17.f4 b4 18.axb4 Rxb4 19.Rb1 Bc8 1/2-1/2

[Event "3rd Tallinn it"]
[Site "Tallinn URS"]
[Date "1973.02.24"]
[Round "4"]
[White "Balashov, Yury"]
[Black "Spassky, Boris"]
[Result "1/2-1/2"]
[WhiteElo "2560"]
[BlackElo "2660"]
[EventDate "1973.02.19"]
[PlyCount "61"]

1.e4 e5 2.Nf3 Nc6 3.Bb5 a6 4.Ba4 Nf6 5.O-O Be7 6.Re1 b5 7.Bb3 d6 8.c3 O-O 
9.h3 Nb8 10.d4 Nbd7 11.Nbd2 Bb7 12.Bc2 Re8 13.Nf1 Bf8 14.Ng3 g6 15.Bd2 Bg7
16.Qc1 c5 17.d5 Nb6 18.Bh6 Nfd7 19.b3 a5 20.a4 bxa4 21.bxa4 Ba6 22.Nf1 Rb8
23.N1h2 Nf6 24.Ng4 Nxg4 25.hxg4 Bc8 26.Nh2 Bd7 27.f3 Qe7 28.Nf1 Rb7 29.g3 
Bxh6 30.Qxh6 f6 31.Ne3 1/2-1/2

[Event "3rd Tallinn it"]
[Site "Tallinn URS"]
[Date "1973.02.24"]
[Round "4"]
[White "Nei, Iivo"]
[Black "Popov, Luben"]
[Result "1-0"]
[WhiteElo "2485"]
[BlackElo "2450"]
[EventDate "1973.02.19"]
[PlyCount "83"]

1.e4 c5 2.Nf3 e6 3.d4 cxd4 4.Nxd4 a6 5.Nc3 Qc7 6.Be2 Nf6 7.O-O d6 8.f4 
Nbd7 9.Bf3 g6 10.Be3 Be7 11.Qe1 e5 12.Nde2 b5 13.a3 Bb7 14.Rd1 Rc8 15.g4 
exf4 16.Nxf4 h6 17.Nd3 Kf8 18.Rd2 Kg7 19.Rdf2 Rcf8 20.Bd1 Rh7 21.Qd2 Nxe4 
22.Nxe4 Bxe4 23.Bd4+ Kg8 24.Qe3 d5 25.Bf3 Bg5 26.Qe2 Re8 27.Bg2 Qd8 28.Qd1
f5 29.Nb4 Ne5 30.Bxe5 Rxe5 31.Nc6 Qe8 32.Nxe5 Qxe5 33.Bxe4 dxe4 34.gxf5 e3
35.Rg2 Re7 36.Qf3 Rf7 37.h4 Bxh4 38.Rxg6+ Kh7 39.Qh5 Bf2+ 40.Kh1 Qe4+ 41.
Rg2 Rxf5 42.Qg6+ 1-0

[Event "3rd Tallinn it"]
[Site "Tallinn URS"]
[Date "1973.02.25"]
[Round "5"]
[White "Karner, Hillar"]
[Black "Polugaevsky, Lev"]
[Result "1/2-1/2"]
[WhiteElo "2410"]
[BlackElo "2645"]
[EventDate "1973.02.19"]
[PlyCount "83"]

1.Nf3 Nf6 2.g3 d5 3.Bg2 c6 4.O-O Bf5 5.c4 dxc4 6.Na3 e5 7.Nxc4 e4 8.Nfe5 
Nbd7 9.d4 exd3 10.Nxd3 Be7 11.Qb3 Nb6 12.Na5 Qc8 13.Nf4 O-O 14.Re1 Re8 15.
e4 Bf8 16.f3 Bc5+ 17.Be3 Bxe3+ 18.Rxe3 Bd7 19.Rae1 Qc7 20.R3e2 Rad8 21.Qc2
Nbd5 22.Nxd5 Nxd5 23.Qd2 Nf6 24.Qc3 Qb6+ 25.Kh1 Be6 26.b3 Re7 27.Nc4 Qc5 
28.e5 Ne8 29.f4 g6 30.Qa5 Qxa5 31.Nxa5 Ng7 32.Kg1 h5 33.Kf2 Nf5 34.Be4 Rd4
35.Bxf5 gxf5 36.Rc1 Red7 37.Nc4 Bxc4 38.bxc4 Rd2 39.Rc2 Rd1 40.h3 Kg7 41.
e6 Re7 42.exf7 1/2-1/2

[Event "3rd Tallinn it"]
[Site "Tallinn URS"]
[Date "1973.02.27"]
[Round "6"]
[White "Balashov, Yury"]
[Black "Saidy, Anthony Fred"]
[Result "0-1"]
[WhiteElo "2560"]
[BlackElo "2425"]
[EventDate "1973.02.19"]
[PlyCount "82"]

1.e4 c5 2.Nf3 d6 3.Nc3 a6 4.g3 Nc6 5.Bg2 Bg4 6.h3 Bxf3 7.Qxf3 g6 8.d3 Bg7 
9.O-O Nf6 10.g4 Rc8 11.Ne2 b5 12.Bd2 Nd7 13.c3 b4 14.Qg3 Qb6 15.f4 O-O 16.
Kh1 bxc3 17.bxc3 Rb8 18.Qe1 Qb5 19.Qb1 Qb2 20.Qc1 Rfc8 21.Rd1 Rb6 22.Bf1 
Rcb8 23.Qxb2 Rxb2 24.Be1 Rc2 25.Rdc1 Rxc1 26.Rxc1 Rb2 27.Ra1 Nb6 28.a4 Na5
29.Kg1 Nb3 30.Ra3 a5 31.Bf2 Nd2 32.Ra1 Rb1 33.Rxb1 Nxb1 34.d4 Nxa4 35.e5 
c4 36.exd6 exd6 37.d5 Nd2 38.Bg2 Nxc3 39.Nc1 Nde4 40.Be1 Bd4+ 41.Kh1 Bf2 
0-1

[Event "3rd Tallinn it"]
[Site "Tallinn URS"]
[Date "1973.02.27"]
[Round "6"]
[White "Nei, Iivo"]
[Black "Timman, Jan"]
[Result "1-0"]
[WhiteElo "2485"]
[BlackElo "2480"]
[EventDate "1973.02.19"]
[PlyCount "79"]

1.c4 Nf6 2.Nc3 c5 3.Nf3 d5 4.cxd5 Nxd5 5.e3 Nxc3 6.bxc3 g6 7.d3 Bg7 8.Qc2 
Nc6 9.Rb1 O-O 10.Be2 b6 11.O-O e5 12.Bd2 Bb7 13.e4 Qc7 14.Be3 Rad8 15.Rfd1
Na5 16.Nd2 Bc6 17.Qb2 Ba4 18.Re1 f5 19.f3 f4 20.Bf2 Rd6 21.Rbc1 Qd7 22.Qa3
Rc8 23.c4 Qe8 24.Nb1 g5 25.Nc3 Bd7 26.Nd5 Rg6 27.g4 h5 28.h3 Rh6 29.Kg2 
Kf7 30.Rh1 Bf6 31.Rh2 Qf8 32.Rch1 Qg7 33.Bd1 Ke6 34.Ba4 Nc6 35.Bb5 Kd6 36.
Qa6 Rb8 37.Rb1 hxg4 38.Bxc5+ bxc5 39.Bxc6 Rxb1 40.Bb5+ 1-0

[Event "3rd Tallinn it"]
[Site "Tallinn URS"]
[Date "1973.02.27"]
[Round "6"]
[White "Pfleger, Helmut"]
[Black "Andersson, Ulf"]
[Result "1/2-1/2"]
[WhiteElo "2545"]
[BlackElo "2535"]
[EventDate "1973.02.19"]
[PlyCount "43"]

1.c4 c5 2.Nf3 Nf6 3.Nc3 e6 4.g3 Nc6 5.Bg2 d5 6.cxd5 exd5 7.d4 Be7 8.O-O 
O-O 9.Bg5 Be6 10.Rc1 h6 11.Bxf6 Bxf6 12.dxc5 d4 13.Ne4 Be7 14.Qa4 Qd5 15.
Nfd2 Qxa2 16.Qb5 a6 17.Qb6 Rfb8 18.Ra1 Qxa1 19.Rxa1 Bd8 20.Nd6 Bxb6 21.
cxb6 Nd8 22.Ne8 1/2-1/2

[Event "3rd Tallinn it"]
[Site "Tallinn URS"]
[Date "1973.02.27"]
[Round "6"]
[White "Pribyl, Josef"]
[Black "Karner, Hillar"]
[Result "1/2-1/2"]
[WhiteElo "2450"]
[BlackElo "2410"]
[EventDate "1973.02.19"]
[PlyCount "82"]

1.d4 Nf6 2.c4 e6 3.Nc3 Bb4 4.a3 Bxc3+ 5.bxc3 c5 6.f3 d6 7.e4 Qa5 8.Bd2 Nc6
9.Bd3 e5 10.Ne2 h6 11.O-O g5 12.Be3 Bd7 13.a4 Rg8 14.Ra3 Nh5 15.Kh1 Nf4 
16.g3 Nxd3 17.Qxd3 O-O-O 18.Nc1 cxd4 19.cxd4 Nxd4 20.Bxd4 exd4 21.Nb3 Qc3 
22.Nxd4 Qxd3 23.Rxd3 g4 24.Kg2 a6 25.fxg4 Rxg4 26.Rxf7 Rxe4 27.Rf6 Bxa4 
28.Rxh6 Kb8 29.h4 a5 30.Kf3 Re1 31.Kf2 Ra1 32.Nb5 Rf8+ 33.Kg2 Bc2 34.Rdxd6
Be4+ 35.Kh3 Rg8 36.g4 Rh1+ 37.Kg3 Rg1+ 38.Kf2 R1xg4 39.Rd4 Rf8+ 40.Ke3 
Rf3+ 41.Ke2 Rg2+ 1/2-1/2

[Event "3rd Tallinn it"]
[Site "Tallinn URS"]
[Date "1973.02.28"]
[Round "7"]
[White "Timman, Jan"]
[Black "Popov, Luben"]
[Result "1/2-1/2"]
[WhiteElo "2480"]
[BlackElo "2450"]
[EventDate "1973.02.19"]
[PlyCount "139"]

1.c4 e5 2.Nc3 Nc6 3.g3 g6 4.Bg2 Bg7 5.d3 d6 6.e4 Nd4 7.Nce2 Nxe2 8.Nxe2 c5
9.O-O Ne7 10.Rb1 a5 11.f4 exf4 12.Bxf4 Nc6 13.Qd2 Be6 14.Bg5 Qd7 15.Bf6 
O-O 16.b3 Bg4 17.Nc3 Be6 18.Nb5 Bxf6 19.Rxf6 Qe7 20.Rbf1 Rad8 21.d4 cxd4 
22.Nxd4 Nxd4 23.Qxd4 a4 24.h4 h5 25.Kh2 axb3 26.axb3 Qc7 27.Bh3 Bxh3 28.
Kxh3 Qc5 29.Qd3 Qe5 30.Qf3 Rde8 31.Rf4 Re7 32.Rd1 Ra8 33.Rd2 Ra1 34.Rf2 
Rc1 35.Kh2 Rc3 36.Qd1 Re3 37.b4 Rc3 38.Rc2 Rxc2+ 39.Qxc2 Qd4 40.b5 Kg7 41.
Kg2 Rc7 42.e5 Qxe5 43.Re4 Qf6 44.Rf4 Qe5 45.Re4 Qxb5 46.Qc3+ Kg8 47.cxb5 
Rxc3 48.Re7 Kg7 49.Rxb7 Kf6 50.b6 Rb3 51.Kf2 Ke6 52.Kg2 f6 53.Rg7 Kf5 54.
b7 d5 55.Kf2 g5 56.hxg5 fxg5 57.Ke2 Kg4 58.Kd2 d4 59.Ke2 h4 60.gxh4 Kxh4 
61.Kd2 g4 62.Kc2 Rb4 63.Kd3 g3 64.Rh7+ Kg4 65.Rg7+ Kf3 66.Rf7+ Kg2 67.Rg7 
Kf2 68.Rf7+ Kg1 69.Rg7 g2 70.Rf7 1/2-1/2

[Event "3rd Tallinn it"]
[Site "Tallinn URS"]
[Date "1973.02.28"]
[Round "7"]
[White "Westerinen, Heikki"]
[Black "Tal, Mikhail"]
[Result "0-1"]
[WhiteElo "2450"]
[BlackElo "2625"]
[EventDate "1973.02.19"]
[PlyCount "48"]

1.e4 c5 2.Nf3 e6 3.b3 Nf6 4.e5 Nd5 5.Bb2 Be7 6.c4 Nc7 7.Nc3 f6 8.Ne4 fxe5 
9.Nxe5 O-O 10.d4 cxd4 11.Qxd4 Bb4+ 12.Kd1 d6 13.Nd3 e5 14.Qe3 Ba5 15.Qg5 
Qd7 16.Kc2 Qc6 17.f3 Bf5 18.Ng3 Bg6 19.Rc1 Nba6 20.Ba3 Nb5 21.Kb2 Nxa3 22.
Qe3 Nb4 23.Kxa3 Nxd3 24.Bxd3 Qa6 0-1

[Event "3rd Tallinn it"]
[Site "Tallinn URS"]
[Date "1973.03.01"]
[Round "8"]
[White "Popov, Luben"]
[Black "Andersson, Ulf"]
[Result "1/2-1/2"]
[WhiteElo "2450"]
[BlackElo "2535"]
[EventDate "1973.02.19"]
[PlyCount "62"]

1.d4 Nf6 2.c4 e6 3.Nf3 Bb4+ 4.Bd2 Qe7 5.g3 O-O 6.Bg2 Bxd2+ 7.Nbxd2 d6 8.e4
e5 9.d5 a5 10.O-O Na6 11.b3 c6 12.a3 Bd7 13.Qb1 Rfc8 14.Re1 Ne8 15.Bf1 g6 
16.Qd3 Ng7 17.Qe3 f6 18.Rac1 c5 19.Nb1 Rf8 20.Nh4 Rae8 21.Nc3 f5 22.exf5 
gxf5 23.Qd2 f4 24.Ne4 b6 25.Be2 Kh8 26.Qd1 Rg8 27.Bg4 Ref8 28.Bxd7 Qxd7 
29.Kh1 Nc7 30.Rg1 Nce8 31.g4 Nf6 1/2-1/2

[Event "3rd Tallinn it"]
[Site "Tallinn URS"]
[Date "1973.03.03"]
[Round "9"]
[White "Andersson, Ulf"]
[Black "Westerinen, Heikki"]
[Result "1-0"]
[WhiteElo "2535"]
[BlackElo "2450"]
[EventDate "1973.02.19"]
[PlyCount "145"]

1.c4 e6 2.Nf3 d5 3.e3 Nf6 4.b3 Be7 5.Bb2 O-O 6.Be2 c5 7.O-O Nc6 8.cxd5 
Nxd5 9.Nc3 Nxc3 10.Bxc3 b6 11.Qc2 Bb7 12.Qb2 Bf6 13.Bxf6 Qxf6 14.Qxf6 gxf6
15.Rfd1 Rfd8 16.Rac1 Rac8 17.Ne1 Rd6 18.Bf3 Rcd8 19.d3 Kg7 20.a3 R8d7 21.
Rc3 a5 22.Rdc1 Ne5 23.Bxb7 Rxb7 24.Kf1 a4 25.bxa4 Ra7 26.Ke2 Rxa4 27.Rb1 
h5 28.Rb5 Kg6 29.f4 Nd7 30.Nf3 e5 31.g3 Re6 32.Kf2 Re8 33.Nd2 h4 34.Nc4 
hxg3+ 35.hxg3 Re6 36.Kf3 exf4 37.gxf4 f5 38.Rc1 Kg7 39.Rg1+ Rg6 40.Rh1 Ra6
41.Rh5 Rf6 42.Rg5+ Kf8 43.Rh5 Kg7 44.Rb1 Ra7 45.Ke2 Rb7 46.Rb5 Ra7 47.Kd2 
Ra8 48.Kc3 Rh8 49.Rxh8 Kxh8 50.a4 Kg8 51.a5 bxa5 52.Rb7 Nf8 53.Nxa5 Rh6 
54.Nc4 Rh3 55.Rc7 Ne6 56.Rd7 Kg7 57.Kd2 Rh2+ 58.Ke1 Rh8 59.Ne5 Rf8 60.Kd2 
Nd8 61.Kc3 Kf6 62.Rc7 Ne6 63.Ra7 Kg7 64.Kc4 Kg8 65.Kd5 Rd8+ 66.Rd7 Kf8 67.
Rxd8+ Nxd8 68.Kxc5 f6 69.Nf3 Ne6+ 70.Kd6 Kf7 71.Nh4 Ng7 72.Kd7 Ne6 73.d4 
1-0

[Event "3rd Tallinn it"]
[Site "Tallinn URS"]
[Date "1973.03.03"]
[Round "9"]
[White "Bronstein, David"]
[Black "Nei, Iivo"]
[Result "1/2-1/2"]
[WhiteElo "2585"]
[BlackElo "2485"]
[EventDate "1973.02.19"]
[PlyCount "42"]

1.e4 e5 2.Nf3 Nc6 3.Bc4 Nf6 4.d3 Be7 5.Nbd2 O-O 6.c3 d6 7.Bb3 Nd7 8.Nf1 
Nc5 9.Bd5 Bf6 10.Be3 Ne7 11.Bc4 Ne6 12.Ng3 d5 13.Bb3 dxe4 14.dxe4 Ng6 15.
O-O Nef4 16.Nf5 Be6 17.g3 Qxd1 18.Bxd1 Nd3 19.b3 Rfd8 20.Nd2 Rd7 21.Be2 
Rad8 1/2-1/2

[Event "3rd Tallinn it"]
[Site "Tallinn URS"]
[Date "1973.03.03"]
[Round "9"]
[White "Pribyl, Josef"]
[Black "Balashov, Yury"]
[Result "1/2-1/2"]
[WhiteElo "2450"]
[BlackElo "2560"]
[EventDate "1973.02.19"]
[PlyCount "62"]

1.c4 e6 2.Nc3 d5 3.d4 Bb4 4.a3 Bxc3+ 5.bxc3 Ne7 6.Nf3 O-O 7.e3 c5 8.Bd3 h6
9.O-O Nbc6 10.Qe2 b6 11.e4 cxd4 12.cxd4 Ba6 13.Bb2 Na5 14.cxd5 Bxd3 15.
Qxd3 exd5 16.Bc3 Nc4 17.Bb4 dxe4 18.Qxe4 Re8 19.Qd3 Qd5 20.Rac1 Nd6 21.
Rfe1 Ng6 22.Bxd6 Qxd6 23.g3 Qd5 24.Rc7 a5 25.Rb1 Rac8 26.Rb5 Qe6 27.d5 Qg4
28.d6 Nf4 29.h3 Nxh3+ 30.Kf1 Rxc7 31.dxc7 Qc8 1/2-1/2

[Event "3rd Tallinn it"]
[Site "Tallinn URS"]
[Date "1973.03.03"]
[Round "9"]
[White "Saidy, Anthony Fred"]
[Black "Pfleger, Helmut"]
[Result "0-1"]
[WhiteElo "2425"]
[BlackElo "2545"]
[EventDate "1973.02.19"]
[PlyCount "67"]

1.c4 Nf6 2.Nc3 c5 3.g3 Nc6 4.Bg2 e6 5.Nf3 d5 6.cxd5 exd5 7.d4 Be7 8.O-O 
O-O 9.Bg5 Be6 10.Rc1 c4 11.Ne5 h6 12.Be3 Qc7 13.f4 Rad8 14.h3 Nxe5 15.fxe5
Ne4 16.Nxe4 dxe4 17.Qc2 f5 18.exf6 Bxf6 19.Qxe4 Bd5 20.Qg4 Bxg2 21.Kxg2 
Qc6+ 22.Kh2 Rde8 23.Bxh6 Qe6 24.Qxe6+ Rxe6 25.Bf4 Rxe2+ 26.Kh1 Rxb2 27.
Rxc4 Rxa2 28.Rb1 Re8 29.d5 g5 30.Bc7 Ree2 31.g4 Rad2 32.Rcc1 Re3 33.Bh2 
Rxh3 34.Rc8+ 0-1

[Event "3rd Tallinn it"]
[Site "Tallinn URS"]
[Date "1973.03.04"]
[Round "10"]
[White "Nei, Iivo"]
[Black "Saidy, Anthony Fred"]
[Result "1-0"]
[WhiteElo "2485"]
[BlackElo "2425"]
[EventDate "1973.02.19"]
[PlyCount "141"]

1.e4 g6 2.d4 Bg7 3.c3 d6 4.f4 Nf6 5.e5 dxe5 6.fxe5 Nd5 7.Nf3 O-O 8.Bc4 c5 
9.O-O cxd4 10.cxd4 Nc6 11.Nc3 Be6 12.Bb3 Na5 13.Ng5 Nxb3 14.Nxe6 Nxc3 15.
bxc3 fxe6 16.Rxf8+ Bxf8 17.axb3 Qd5 18.Be3 a6 19.Qc2 Bg7 20.h3 Rf8 21.c4 
Qc6 22.Rf1 Rxf1+ 23.Kxf1 Bf8 24.Kf2 Bg7 25.Qd3 Qc7 26.Bg5 Qd8 27.Ke2 Qc7 
28.Kf2 Qd8 29.Ke2 Qc7 30.Qf3 Qb6 31.Qe3 Qc6 32.Kf2 Qc7 33.Qc3 Qd8 34.Kg3 
Qc7 35.Qb4 Bf8 36.Be3 Kf7 37.Kf2 Bg7 38.Qa4 Bh8 39.Ke2 Bg7 40.Kd2 Bh8 41.
Kd3 Bg7 42.Bd2 Qd8 43.Kc3 Qc7 44.Kc2 Qd8 45.Qa1 Kg8 46.Qc3 Qd7 47.Qe3 Qc6 
48.Qf3 Qc7 49.g4 Qd7 50.Qe4 Qc7 51.g5 Kf7 52.h4 Kg8 53.Kb2 Qd7 54.Ba5 Qc8 
55.Ka3 Kf7 56.Bc3 Ke8 57.h5 Kf7 58.hxg6+ hxg6 59.Ba5 Qb8 60.Qf4+ Kg8 61.
Bb6 Qc8 62.Qe4 Kf7 63.Kb4 Qd7 64.Ka5 Bh8 65.Qf3+ Kg8 66.Qc3 Qc6 67.Qb4 Kf7
68.Bd8 Qd7 69.Qxe7+ Qxe7 70.Bxe7 Kxe7 71.Kb6 1-0

[Event "3rd Tallinn it"]
[Site "Tallinn URS"]
[Date "1973.03.04"]
[Round "10"]
[White "Pfleger, Helmut"]
[Black "Karner, Hillar"]
[Result "0-1"]
[WhiteElo "2545"]
[BlackElo "2410"]
[EventDate "1973.02.19"]
[PlyCount "90"]

1.d4 g6 2.e4 Bg7 3.Nf3 c6 4.Nc3 d6 5.Be2 Nd7 6.O-O Qc7 7.a4 Ngf6 8.b3 O-O 
9.Bb2 Re8 10.Qd2 e5 11.dxe5 dxe5 12.Ba3 Bf8 13.Bxf8 Nxf8 14.h3 a5 15.Rad1 
Kg7 16.Qe3 N6d7 17.Rd2 Qb6 18.Qxb6 Nxb6 19.Rfd1 f6 20.Ne1 h5 21.Bf1 Ne6 
22.Ne2 Nc5 23.f3 h4 24.Nd3 Nxd3 25.Rxd3 Be6 26.Kf2 Kf7 27.c4 Ke7 28.c5 Nd7
29.Rc3 Red8 30.Rb1 Nf8 31.Ke3 f5 32.f4 g5 33.fxe5 f4+ 34.Kf2 Ng6 35.b4 
Nxe5 36.bxa5 Rd7 37.Ng1 Rxa5 38.Rb4 g4 39.hxg4 Nxg4+ 40.Kf3 Ra8 41.Be2 Rg8
42.Kxf4 Ke8 43.Bxg4 Rxg4+ 44.Ke5 Rg5+ 45.Kxe6 Re7+ 0-1

[Event "3rd Tallinn it"]
[Site "Tallinn URS"]
[Date "1973.03.04"]
[Round "10"]
[White "Popov, Luben"]
[Black "Bronstein, David"]
[Result "1/2-1/2"]
[WhiteElo "2450"]
[BlackElo "2585"]
[EventDate "1973.02.19"]
[PlyCount "81"]

1.d4 Nf6 2.c4 g6 3.Nc3 d5 4.Nf3 Bg7 5.Qa4+ c6 6.g3 O-O 7.cxd5 cxd5 8.Bg2 
Ne4 9.Nxe4 dxe4 10.Ng5 Nc6 11.Nxe4 Qxd4 12.Qxd4 Nxd4 13.Rb1 Bg4 14.Nc3 
Rfd8 15.Bf4 Nc2+ 16.Kf1 Rd7 17.h3 Bf5 18.Kg1 Ne3 19.Rc1 Nxg2 20.Kxg2 Rad8 
21.Be3 b6 22.Rhd1 h5 23.h4 Kf8 24.Rxd7 Rxd7 25.Rd1 Rxd1 26.Nxd1 Be6 27.a3 
Bc4 28.Kf1 Ke8 29.Ke1 Kd7 30.Bd2 Kc6 31.Bc3 Bh6 32.Ne3 Be6 33.f4 Bb3 34.
Kd2 Ba2 35.Kc2 Be6 36.Kd3 f6 37.Nc2 Bf5+ 38.e4 Bc8 39.Nd4+ Kd7 40.Bd2 Ba6+
41.Kc2 1/2-1/2

[Event "3rd Tallinn it"]
[Site "Tallinn URS"]
[Date "1973.03.04"]
[Round "10"]
[White "Westerinen, Heikki"]
[Black "Spassky, Boris"]
[Result "0-1"]
[WhiteElo "2450"]
[BlackElo "2660"]
[EventDate "1973.02.19"]
[PlyCount "74"]

1.e4 e5 2.Nf3 Nc6 3.Bb5 a6 4.Ba4 Nf6 5.O-O Be7 6.Re1 b5 7.Bb3 d6 8.c3 O-O 
9.h3 Nb8 10.d4 Nbd7 11.Nbd2 Bb7 12.Bc2 Re8 13.Nf1 Bf8 14.Ng3 c5 15.b3 g6 
16.Bb2 Bg7 17.Qd2 Qc7 18.Bd3 c4 19.bxc4 bxc4 20.Bc2 exd4 21.Nxd4 Nc5 22.
Qf4 Nfd7 23.Ba3 Ne5 24.Re3 Ncd3 25.Qh4 Qa5 26.Bb4 Nxb4 27.cxb4 Qxb4 28.
Ngf5 gxf5 29.exf5 Ng6 30.fxg6 hxg6 31.Rb1 Qd2 32.Rbe1 Qa5 33.Re7 Rab8 34.
Rb1 Rxe7 35.Qxe7 Bxd4 36.Bxg6 fxg6 37.Qxd6 Be5 0-1

[Event "3rd Tallinn it"]
[Site "Tallinn URS"]
[Date "1973.03.08"]
[Round "12"]
[White "Pfleger, Helmut"]
[Black "Pribyl, Josef"]
[Result "1-0"]
[WhiteElo "2545"]
[BlackElo "2450"]
[EventDate "1973.02.19"]
[PlyCount "87"]

1.Nf3 Nf6 2.d4 g6 3.g3 Bg7 4.Bg2 O-O 5.O-O c5 6.c4 cxd4 7.Nxd4 d6 8.Nc3 
Nc6 9.Nxc6 bxc6 10.Bxc6 Rb8 11.Bg2 Qa5 12.Nb5 a6 13.Bd2 Qb6 14.Nc3 Qc5 15.
b3 Qh5 16.e4 Bg4 17.f3 Qc5+ 18.Kh1 Bd7 19.Rc1 a5 20.a4 Qb6 21.Nb5 Bc6 22.
Qe1 Ra8 23.Be3 Qb8 24.Bd4 Nd7 25.Bxg7 Kxg7 26.Qe3 Ra6 27.Bh3 Nc5 28.e5 
Bxb5 29.cxb5 Ra7 30.f4 f5 31.Bg2 Qb6 32.Rfd1 Nxa4 33.Qxb6 Nxb6 34.exd6 
exd6 35.Rxd6 Rb8 36.h4 a4 37.bxa4 Rxa4 38.Kh2 Rb4 39.Rc5 Rb2 40.Kh3 Na4 
41.Rc7+ Kh6 42.Ra6 Rb4 43.Raa7 Rh8 44.Bd5 1-0

[Event "3rd Tallinn it"]
[Site "Tallinn URS"]
[Date "1973.03.10"]
[Round "13"]
[White "Balashov, Yury"]
[Black "Pfleger, Helmut"]
[Result "1-0"]
[WhiteElo "2560"]
[BlackElo "2545"]
[EventDate "1973.02.19"]
[PlyCount "53"]

1.Nf3 d5 2.g3 Nf6 3.Bg2 g6 4.O-O Bg7 5.d3 O-O 6.Nbd2 c5 7.e4 Nc6 8.c3 d4 
9.cxd4 cxd4 10.a4 a5 11.Nc4 Nd7 12.b3 Nc5 13.Ba3 Na6 14.Ne1 Nab4 15.Nc2 
Nxc2 16.Qxc2 f5 17.exf5 Bxf5 18.Qe2 Rf7 19.f4 Qc7 20.Bd5 Bh3 21.Bxf7+ Kxf7
22.Rf2 h5 23.f5 Bxf5 24.Rxf5+ gxf5 25.Qxh5+ Kf6 26.Rf1 e6 27.g4 1-0

[Event "3rd Tallinn it"]
[Site "Tallinn URS"]
[Date "1973.03.10"]
[Round "13"]
[White "Polugaevsky, Lev"]
[Black "Popov, Luben"]
[Result "1-0"]
[WhiteElo "2645"]
[BlackElo "2450"]
[EventDate "1973.02.19"]
[PlyCount "91"]

1.c4 Nf6 2.Nc3 g6 3.e4 d6 4.d4 Bg7 5.Be2 O-O 6.Bg5 c5 7.d5 h6 8.Bf4 Qa5 9.
Bd2 e6 10.Nf3 exd5 11.exd5 a6 12.O-O Qc7 13.a4 b6 14.Bd3 Kh7 15.h3 Ng8 16.
Nh2 Nd7 17.f4 f5 18.g4 Ndf6 19.Qf3 Qd7 20.gxf5 gxf5 21.Rfe1 Qf7 22.Nf1 Nh5
23.Kh1 Bd4 24.Re2 Bd7 25.Rae1 Ng7 26.b3 Rab8 27.Rg2 Ne7 28.Ne3 Rg8 29.Reg1
Nh5 30.Rxg8 Rxg8 31.Rxg8 Kxg8 32.Ne2 Bg7 33.a5 bxa5 34.Bxa5 Nf6 35.Ng3 Ne8
36.Bd8 Kf8 37.Bxe7+ Kxe7 38.Bxf5 Bxf5 39.Ngxf5+ Kf8 40.Kh2 Qf6 41.Qe4 h5 
42.Qe6 a5 43.Kg3 Bh8 44.Kf3 Bg7 45.Qxf6+ Bxf6 46.Ng3 1-0

[Event "3rd Tallinn it"]
[Site "Tallinn URS"]
[Date "1973.03.10"]
[Round "13"]
[White "Spassky, Boris"]
[Black "Tal, Mikhail"]
[Result "0-1"]
[WhiteElo "2660"]
[BlackElo "2625"]
[EventDate "1973.02.19"]
[PlyCount "76"]

1.d4 Nf6 2.c4 e6 3.Nc3 Bb4 4.Bg5 h6 5.Bh4 c5 6.d5 b5 7.dxe6 fxe6 8.cxb5 d5
9.e3 O-O 10.Nf3 Qa5 11.Bxf6 Rxf6 12.Qd2 a6 13.bxa6 Nc6 14.Be2 d4 15.exd4 
Rxf3 16.Bxf3 cxd4 17.O-O dxc3 18.bxc3 Bxc3 19.Qd6 Rxa6 20.Bxc6 Bb4 21.Qb8 
Rxc6 22.Rac1 Bc5 23.Rc2 Qa4 24.Qb3 Qf4 25.Qg3 Qf5 26.Rfc1 Bb7 27.Qf3 Qg5 
28.Qb3 Rc7 29.g3 Bxf2+ 30.Kxf2 Qf6+ 31.Ke1 Qe5+ 32.Kf1 Ba6+ 33.Kg1 Qd4+ 
34.Kg2 Qe4+ 35.Kg1 Bb7 36.h4 Qh1+ 37.Kf2 Rf7+ 38.Ke2 Qe4+ 0-1

[Event "3rd Tallinn it"]
[Site "Tallinn URS"]
[Date "1973.03.11"]
[Round "14"]
[White "Popov, Luben"]
[Black "Pribyl, Josef"]
[Result "1/2-1/2"]
[WhiteElo "2450"]
[BlackElo "2450"]
[EventDate "1973.02.19"]
[PlyCount "31"]

1.c4 Nf6 2.Nc3 d5 3.d4 e6 4.Nf3 c5 5.e3 Nc6 6.a3 cxd4 7.exd4 Be7 8.cxd5 
exd5 9.Be2 O-O 10.Bg5 h6 11.Bh4 Be6 12.O-O Ne4 13.Bxe7 Qxe7 14.Rc1 Nxc3 
15.Rxc3 Qf6 16.Bb5 1/2-1/2

[Event "3rd Tallinn it"]
[Site "Tallinn URS"]
[Date "1973.03.11"]
[Round "14"]
[White "Spassky, Boris"]
[Black "Bronstein, David"]
[Result "1/2-1/2"]
[WhiteElo "2660"]
[BlackElo "2585"]
[EventDate "1973.02.19"]
[PlyCount "36"]

1.e4 d6 2.d4 Nf6 3.Nc3 g6 4.f4 Bg7 5.Nf3 c5 6.dxc5 Qa5 7.Bd3 Qxc5 8.Qe2 
O-O 9.Be3 Qa5 10.O-O Nc6 11.a3 Bg4 12.h3 Bxf3 13.Qxf3 Nd7 14.Bd2 Qb6+ 15.
Kh1 Nc5 16.Rab1 Nxd3 17.cxd3 e6 18.Be3 Qa5 1/2-1/2